Microencapsulación de células macrofagos por gelación iónica

Bewaard in:
Bibliografische gegevens
Hoofdauteur: Rivera Figueroa, Patricia
Formaat: Boek
Gepubliceerd in: San José, Costa Rica 1989
Onderwerpen:
Tags: Voeg label toe
Geen labels, Wees de eerste die dit record labelt!

MARC

LEADER 00000nam a2200000Ia 4500
003 004889
005 20221231144334.0
008 140114s1989 cr a m 000 ||s d
040 |c cru CEDI 
090 |a TFG 2297 
100 |a Rivera Figueroa, Patricia  |9 13070 
245 |a Microencapsulación de células macrofagos por gelación iónica  
260 |c 1989  |a San José, Costa Rica 
300 |a  xiv, 166 hojas : ilustraciones ; 28 cm.  
500 |a  Proyecto de graduación (licenciatura en ingeniería química)--Universidad de Costa Rica. Facultad de Ingeniería. Escuela de Ingeniería Química 
650 |x BIOINGENIERIA   |x MICROENCAPSULADO   |x CELULAS - INVESTIGACIONES  |9 13071 
942 |c TFG 
999 |c 20382  |d 20382